000 00780nam a22002297a 4500
005 20251108170549.0
008 250721s1996 xx 000 0 ara d
082 1 4 _aط/م/956/موس
100 1 _aعبد اللطيف، عبد الشافي محمد
245 1 0 _aموسوعة سفير للتاريخ الإسلامي /
264 1 _aالقاهرة :
_bشركة سفير،
_c1996.
300 _a10ج
650 1 7 _aتاريخ العرب
650 1 7 _aالخلفاء الراشدون 661- 632
650 1 7 _aالأمويون 661-750
650 1 7 _aالعباسيون 750-1258
650 1 7 _aالتاريخ الإسلامي السيرة النبوية
700 1 _aحسن، حسن علي
700 1 _aسالم، عبد الرحمن
942 _2ddc
_cBK
999 _c43586
_d43586